000 00608nam a2200181Ia 4500
001 21991
003 GE_BSU
008 181216s||||||||xx |||||||||||||| ||und||
040 _cGE_BSU
245 _aВрач. №11. Ноябрь 2017
245 _bЕжемесячный научно-практический журнал
245 _cГл.ред. Денисов И.Н. и др,
653 _aВрач. №11. Ноябрь 2017
653 _aежемесячный научно-практический журнал
653 _aПериодика
653 _aპერიოდიკა
942 _cCR
999 _c54920
_d54920